| 000 | 00743nam a2200205 a 4500 | ||
|---|---|---|---|
| 005 | 20251024063923.0 | ||
| 008 | 991125s1976 mx 000 0 spa u | ||
| 035 | _aUPN01000007926 | ||
| 049 | _aLTG | ||
| 050 | 4 |
_aLB1585 M6.3 _b1976 LL |
|
| 245 | 0 | 0 |
_aCiencias naturales : _btercer grado / _cMaría Antonia Candela... [et al.] |
| 260 |
_aMéxico : _bSEP, Comisión Nacional de los Libros de Texto Gratuitos, _c1976. |
||
| 300 |
_a143 p. : _bil. col. |
||
| 500 | _aLibro de texto gratuito | ||
| 500 | _a"Datos 1976-1978" | ||
| 650 | 4 |
_aCiencias naturales _xEstudio y enseñanza (Elemental) _92812 |
|
| 700 | 1 |
_aCandela, Antonia _ecoaut. _932625 |
|
| 710 | 2 |
_aComisión Nacional de los Libros de Texto Gratuitos (México) _928140 |
|
| 905 | _aLibro | ||
| 999 |
_c7926 _d7926 |
||